| 000 | 00431nam a2200169Ia 4500 | ||
|---|---|---|---|
| 008 | 210716s2005 xx 000 0 und d | ||
| 020 | _a817446414X | ||
| 041 | _aeng | ||
| 082 | _a658.3125 RAOT | ||
| 100 | _aRao, T V; Chawla, Nandini. | ||
| 245 | _a360 degree feedback and assessment and development centres. | ||
| 250 | _a1 | ||
| 260 |
_aNew Delhi _bExcel Books _c2005 |
||
| 300 | _axi,339 | ||
| 440 | _v3 | ||
| 650 | _aNone | ||
| 999 |
_c199307 _d199307 |
||